Marvel Studios Legends Episodes - Statistics

General Stats
  • This quiz has been taken 8 times
  • The average score is 33 of 46
Answer Stats
Date Released Episode % Correct
February 10, 2023 Ant-Man
100%
July 7, 2021 Black Widow
100%
March 5, 2021 Falcon
100%
November 12, 2021 Hawkeye
100%
November 4, 2022 King T'Challa
100%
June 4, 2021 Loki
100%
November 3, 2023 Monica Rambeau
100%
November 4, 2022 Princess Shuri
100%
March 5, 2021 The Winter Soldier
100%
January 8, 2021 Vision
100%
November 3, 2023 Carol Danvers
83%
April 29, 2022 Doctor Strange
83%
November 23, 2022 Drax
83%
April 28, 2023 Gamora
83%
April 28, 2023 Groot
83%
June 14, 2023 Maria Hill
83%
April 28, 2023 Nebula
83%
June 14, 2023 Nick Fury
83%
April 28, 2023 Peter Quill
83%
April 28, 2023 Rocket
83%
April 29, 2022 Scarlet Witch
83%
July 1, 2022 Thor
83%
July 1, 2022 Valkyrie
83%
January 8, 2021 Wanda Maximoff
83%
February 10, 2023 Wasp
83%
April 29, 2022 Wong
83%
June 14, 2023 James Rhodes
67%
July 1, 2022 Jane Foster
67%
November 3, 2023 Kamala Khan
67%
April 28, 2023 Kraglin
67%
November 23, 2022 Mantis
67%
August 4, 2021 Peggy Carter
67%
August 10, 2022 Bruce Banner
50%
June 14, 2023 Everett Ross
50%
February 10, 2023 Hank & Janet
50%
March 12, 2021 Sharon Carter
50%
September 29, 2023 TVA
50%
March 12, 2021 Zemo
50%
December 15, 2023 Guardians of the Multiverse
33%
June 14, 2023 Talos & the Skrulls
33%
November 4, 2022 The Dora Milaje
33%
August 4, 2021 The Ravagers
33%
September 1, 2021 The Ten Rings
33%
June 4, 2021 The Tesseract
33%
September 29, 2023 Variants
33%
August 4, 2021 The Avengers Initiative
17%
No matching quizzes found
Score Distribution
Percent of People with Each Score
Percentile by Number Answered
Your Score History
You have not taken this quiz